Регионална библиотека "Любен Каравелов" - Русе

Вторият живот на фелдмаршал Паулус (Запис номер 128092)

MARC детайли
000 -Лидер
Контролно поле с фиксирана дължина 01991nam a2200397 c 4500
003 - Код на организацията, давaща контролен номер
Контролно поле BLK
005 - Дата и час на последна редакция
Контролно поле 20221015122519.0
008 - Елементи от данни с фиксирана дължина
fixed length control field 180409b bul|||||r ||||||| ||bul||
010 ## - Наследен системен номер
LC control number KNG00133811000
040 ## - Източник на каталожния запис
Идентификатор на билиотеката - собственик на записа BLK
041 ## - Код за език
Код за езика на текст/звукозапис или на отделно заглавие Български
Код за езика КДБФ Български
080 ## - УДК
Текстов определител УДК Военна история - Военни походи, битки, героични подвизи. Вж и 93/99
УДК код - определител по УДК 355.48
УДК определител (430)
УДК - код + определител 355.48(430)
080 ## - УДК
Текстов определител УДК История на Втората световна война (1939-1945)
УДК код - определител по УДК 940.53
УДК определител
УДК - код + определител 940.53
100 1# - Редна дума - Автор
Автор Бланк, Александър Соломонович
Авторска отговорност първи автор
R(LIN) 321043
139 ## - Редно поле
Редна дума Бланк, Александър Соломонович
Авторски знак Бл - Б 47
245 10 - Сведения за заглавието
Заглавие Вторият живот на фелдмаршал Паулус
Подзаглавни данни Док.-мемоарна повест
Редно поле (дума) Александър Соломонович Бланк; прев. от рус. Славка Рангелова Исусова.
250 ## - Област на изданието
Сведения за изданието 2. изд.
257 ## - Страна на издаване
Страна на създаване/издаване СССР
260 ## - Област на издателските данни
-- София
Име на издателя, разпространителя и проч. Партиздат
Година на издаване 1989
Печатница В. Търнова : Д. Найденов
300 ## - Физическа характеристика
Страници 216 с.
Размери/Мащаб 20 см
380 ## - Жанр
Жанр Обществени науки
490 1# - СЕРИИ (Колекции)
Име на серия Историческо четиво
500 ## - Общи забележки
Забележка Ориг. загл. Вторая жизнь фельдмаршала Паулюса / Александър Бланк. - 1. изд. 1986. - Без тир.
650 #4 - Допълнително описание по предмет – тема
Основно описание – тема или топоним Втора световна война - участие на Германия
9 (RLIN) 282728
650 #4 - Допълнително описание по предмет – тема
Основно описание – тема или топоним Военна история - Германия
9 (RLIN) 300152
651 #4 - Допълнително описание по предмет - топоним
Географско понятие Германия
9 (RLIN) 178754
653 ## - Ключова дума – ненормативна
Ключова дума военна история
653 ## - Ключова дума – ненормативна
Ключова дума Германия
653 ## - Ключова дума – ненормативна
Ключова дума Втора световна война
700 1# - Други автори (авторска отговорност)
Лично име Исусова, Славка Рангелова
Автороска отговорност (Описва отношението между автора и произведението) прев. от рус.
9 (RLIN) 321049
852 ## - Местоположение
Форматна сигнатура Цб 158654
856 4# - Електронен адрес и достъп
Електронен формат pdf - файл
Път до файла /url/
856 4# - Електронен адрес и достъп
Електронен формат pdf - файл
Път до файла /url/
942 ## - АРТИКУЛИ
Вид на библиотечния материал Книги
Скрит в OPAC Не
Koha issues (borrowed), all copies 3
944 ## - СЪЗДАВАНЕ И РЕДАКЦИЯ на ЗАПИСА
Създаване/Редакция Създаване
Дата на регистрацията/редакция 19.09.2012
Статус, дата на статуса 19.09.2012 - от С1,Р / 19.09.2012
Служител, извършил регистрацията/редакцията Камелия_Данева
944 ## - СЪЗДАВАНЕ И РЕДАКЦИЯ на ЗАПИСА
Създаване/Редакция Редакция
Дата на регистрацията/редакция 19.09.2012
Статус, дата на статуса 19.09.2012 - от С1,Р / 19.09.2012
Служител, извършил регистрацията/редакцията
999 ## - СИСТЕМНИ КОНТРОЛНИ НОМЕРА
Koha biblionumber 128092
Koha biblioitemnumber 128092
Наличности
Код за отписване Код за изгубен артикул Източник на класификационната схема Код за повреда Коз за рестрикции Код за отдаване Артикулен № Име на библиотеката - собственик Име на библиотеката, в която се намира в момента Статус (Текущо местоположение) Дата на вписване в системата Местоположение - отдел Цена в лева Инвентарен номер Систематично азбучна сигнатура Баркод Номер на екземпляра Цена в евро Служебна бележка Служебен тип на артикула
  Не е изгубен Universal Decimal Classification Не е повреден без рестрикции ползва се в читалня 208239 Регионална библиотека "Любен Каравелов" Русе Регионална библиотека "Любен Каравелов" Русе Хранилище 1989-01-01 Хранилище 0.95 519422 Цб 158654 120000519422 1 0.49 N: стар фонд Дата: 01.01.1989 Книги
Изтеглен Не е изгубен Universal Decimal Classification Не е повреден без рестрикции заемане за дома 208240 Регионална библиотека "Любен Каравелов" Русе Регионална библиотека "Любен Каравелов" Русе Заемна - подръчен фонд 1989-01-01 Заемна - подръчен фонд 0.95 521092 П 355.48/Б 47 521092 2 0.49 N: стар фонд Дата: 01.01.1989 Дата инв: 07.02.2018 Бележки инв: П2018 Книги
  Не е изгубен Universal Decimal Classification Не е повреден без рестрикции заемане за дома 208241 Регионална библиотека "Любен Каравелов" Русе Регионална библиотека "Любен Каравелов" Русе Заемна - подръчен фонд 1989-01-01 Заемна - подръчен фонд 0.95 521097 П 355.48/Б 47 120000521097 3 0.49 N: стар фонд Дата: 01.01.1989 Дата инв: 07.02.2018 Бележки инв: П2018 Книги
Vip Innovations Ltd, Rousse, Bulgaria 2025